000 03064nam0a2200421 4500
001 RU\NLR\BIBL_A\011652678
005 20250626103701.0
020 _aRU
_b12696
_9Сводный каталог листовок первых лет Советской власти (25 октября (7 ноября) 1917 - 1925) Т.4 (Ч.3). Листовки советских, партийных, профсоюзных, комсомольских и других организаций губерний РСФСР
035 _a(NLR Aleph) 011652678
090 _a11136890
_c11136890
100 _a20180305d1920 |||y0rusy50 ca
101 0 _arus
102 _aRU
105 _ay z 000zy
135 _acrcn 024anaba
200 1 _aПриказ Тихвинского уездного военного комиссариата, 6-го мая 1920 г. № 162: [Об обязательной покупке у населения лошадей для Красной армии с 15 по 28 мая 1920 г.
_eлистовка
_fТихвинский уезд. комиссариат по военным делам]
210 _aТихвин
_cСов. тип.
_d[1920, май]
215 _a1 с.
_d42х18
300 _aПодписи: вр. и. д. Тихвинского уездного военного комиссара Якобсон; военный руководитель Протасов; врид. начальника канцелярии Гурьев
325 _aКопия доступна в электронной библиотеке РНБ
517 1 _aОб обязательной покупке у населения лошадей для Красной армии с 15 по 28 мая 1920 г.
606 1 _aГражданская война и военная интервенция в России
_jЛистовки
_z1918 - 1920
_92212606
_3RU\NLR\AUTH\661329092
607 _aРСФСР
_jЛистовки
_xПолитика и управление
_y1917 - 1925
_92312782
_3RU\NLR\auth\6601609564
686 0 _aТ3(2)71-313,011
686 0 _aТ3(2Р-7Чер)712-313,011
702 1 _4720
_aЯкобсон
_bМ.
_cучастник установления советской власти, г. Тихвин
_9192190
_3RU\NLR\AUTH\770192241
702 1 _4720
_aПротасов
_cучастник установления советской власти, г. Тихвин
_9194595
_3RU\NLR\AUTH\770194646
702 1 _4720
_aГурьев
_cучастник установления советской власти, г. Тихвин
_9194632
_3RU\NLR\AUTH\770194683
710 0 2 _aТихвинский уездный комиссариат по военным делам
_9418709
_3RU\NLR\AUTH\880376204
852 0 0 _aNLR
_bФЛ
_j63/53
942 _cBOOK
980 _aNB
981 2 1 _a(21) Листовки
_b(21) Листовки 1920 года